| 000 | 00625nam a2200229 a 4500 | ||
|---|---|---|---|
| 001 | 40852 | ||
| 003 | BD-RjUL | ||
| 005 | 20211209053303.0 | ||
| 008 | 160511s1975 enk b 000 0 eng d | ||
| 020 |
_a0851571921 _c: USD.2.50 |
||
| 035 | _a(BD-RjUL)40967 | ||
| 040 |
_aANL _beng _cANL _dBD-RjUL |
||
| 041 | _aeng | ||
| 082 | 0 | 4 |
_a011 _bDAB 1975 |
| 100 | 1 |
_aDavinson, Donald _d1932- _9125723 |
|
| 245 | 1 | 0 |
_aBibliographic control / _cDonald Davinson. |
| 260 |
_aLondon : _bOlive Binglay, _c1975. |
||
| 300 |
_a124 p. ; _c23 cm. |
||
| 504 | _aBibliography: p. 117-120. | ||
| 650 | 0 |
_aBibliography. _9125724 |
|
| 942 |
_2ddc _cBK |
||
| 999 |
_c40852 _d40852 |
||